| 000 | 00751cam a2200157 4500500 | ||
|---|---|---|---|
| 005 | 20260329005049.0 | ||
| 041 | _afre | ||
| 042 | _adc | ||
| 100 | 1 | 0 |
_aFonkoua, Romuald _eauthor |
| 245 | 0 | 0 | _aLa vérité du corps nègre |
| 260 | _c2026. | ||
| 500 | _a16 | ||
| 520 | _aPlus que la psychocritique des récits des colonisés et la « grammaire de la décolonialité », la poésie de la négritude est pour Fanon l’expression d’une lutte incessante du colonisé pour appréhender le corps nègre, rendre compte de sa vérité imprévisible et se libérer. | ||
| 786 | 0 | _nEsprit | Javier - Février | 1-2 | 2026-02-18 | p. 57-67 | 0014-0759 | |
| 856 | 4 | 1 | _uhttps://shs.cairn.info/revue-esprit-2026-1-2-page-57?lang=fr&redirect-ssocas=7080 |
| 999 |
_c1839915 _d1839915 |
||